00827nam a2200217 a 450000100060000000300090000600800410001502000150005604000280007108200170009910000300011624500810014626000270022730000100025450501460026465000340041065000440044465000370048865000280052565000560055322879CO-ViMGA141112s2004 ck r 000 u spa d a9586821706 aCO-ViMGAbspacCO-ViMGA04a658.78 A716e1 aArbones Malisani, Eduardo10aLa empresa eficiente : baprovisionamiento, produccion y distribucion fisica aMéxico : bAlfaomega a157p. aSistema logistico de la empresa, Almacenes, Manutencion, Inventario, Prevision, Localizacion de las unidades de produccion y de los almacenes14aADMINISTRACION DE MATERIALES 14aALMACENAMIENTO Y TRANSPORTE COMERCIAL 14aALMACENES GENERALES DE DEPOSITO 14aCONTROL DE INVENTARIOS 14aDISTRIBUCION FISICA DE MERCANCIAS - ADMINISTRACION